History Quiz

Random History or War Quiz

American Wars by Death Quiz Stats

 Plays Quiz not verified by Sporcle

Challenge
Share
Tweet
Embed
Score 0/10 Timer 05:00
0 Plays Today
Years Fought War % Correct
1917-1918World War I
99.8%
1941-1945World War II
99.5%
1861-1865American Civil War
98.6%
1964-1973Vietnam War
98.6%
1950-1953Korean War
94.4%
2003-?Iraq War
93%
1812-1815War of 1812
89.2%
1775-1783Revoultionary War
86.4%
1846-1848Mexican-American War
66%
1899-1913Philippine-American War
14.1%

You're not logged in!

Compare scores with friends on all Sporcle quizzes.
OR
Log In

You Might Also Like...

Show Comments

Extras

Top Quizzes Today


Score Distribution

Your Account Isn't Verified!

In order to create a playlist on Sporcle, you need to verify the email address you used during registration. Go to your Sporcle Settings to finish the process.

Report this User

Report this user for behavior that violates our Community Guidelines.

Details: